000 00767nam a2200241 a 4500
001 72069
003 BD-RjUL
005 20211209082216.0
008 170513s1973 nyua b 100 0 eng
035 _a(BD-RjUL)72285
040 _aDLC
_cDLC
_dDLC
_dBD-RjUL
_beng
041 _aeng
082 0 0 _223
_a543
_bNUC 1973
245 1 0 _aNuclear magnetic resonance shift reagents /
_cEdited by Robert E. Sievers.
260 _aNew York :
_bAcademic Press,
_c1973.
300 _axii, 410 p. :
_bill. ;
_c23 cm.
504 _aBibliography: p. 353-405.
650 0 _aChemical tests and reagents.
_9209811
650 0 _aNuclear magnetic resonance spectroscopy.
_9159518
650 0 _aRare earth metals.
_9205349
700 1 _aSievers, Robert E.,
_eed.
_9213143
942 _2ddc
_cBK
999 _c72069
_d72069